01615nab a2200205 i 4500001001000000003001000010005001700020008004100037040003000078041000800108100002900116245011600145520092200261546002301183650002101206650001301227650001501240653003001255773012401285768714001CO-MdFUSB20240627154434.0240626t1995 us ||||| |||| 00| 0 eng d bspacCO-MdFUSBdCO-MdFUSB aeng aCollins, Travis, eautor1 aMissions and churches in partnership for evangelism : ba study of the Declaration of Ibadan c/ Travis Collins aLa colaboración entre misiones (las organizaciones de misioneros expatriados que trabajan bajo una agencia común de envío en un lugar determinado) e iglesias nacionales (los organismos cooperadores de cristianos nacionales con los que se relacionan las misiones, llamados en este artículo “convenciones/uniones”) ha surgido como una cuestión crítica en la evangelización mundial. Un intento de establecer colaboraciones justas y eficaces entre misiones y convenciones/uniones es la Declaración de Ibadan. Entre sus atractivos elementos se incluyen el papel propuesto para la misión, la toma de decisiones conjuntas respecto de la evangelización entre grupos de personas no alcanzados y el despliegue de personal misionero. Este artículo es una reflexión sobre las propuestas establecidas en la Declaración de Ibadán con especial referencia a sus implicaciones para la evangelización. aTexto en inglés. 0aEvangelización 0aMisiones 7aMisioneros aDeclaración de Ibadán0 049486d PasadenaoR0895tMissiology:w(CO-MdFUSB)97gVolumen 23, (número 3, 1995) páginas: 331 - 339qpágina: 331